Blue Bend, area guide : America's great outdoors.

Bibliographic Details
Corporate Author: United States. Forest Service
Format: Government Document Book
Language:English
Published: [Washington, D.C.?] : White Sulphur Ranger District, Monongahela National Forest, U.S. Dept. of Agriculture, Forest Service, [1999]
Subjects:

MARC

Tag First Indicator Second Indicator Subfields
LEADER 00000cam a2200000 a 4500
001 in00000006302
005 20151001060019.0
008 991110s1999 dcuab f000 0 eng d
035 |a (OCoLC)42804037 
035 |9 AJL4438AM 
040 |a GPO  |c GPO  |d DLC  |d MvI  |d UtOrBLW 
043 |a n-us-wv 
049 |a UDOC 
074 |a 0085 
086 0 |a A 13.13:M 75/17 
245 0 0 |a Blue Bend, area guide :  |b America's great outdoors. 
246 3 |a Blue Bend 
264 1 |a [Washington, D.C.?] :  |b White Sulphur Ranger District, Monongahela National Forest, U.S. Dept. of Agriculture, Forest Service,  |c [1999] 
300 |a 1 sheet :  |b illustrations, map ;  |c 41 x 23 cm., folded to 23 x 11 cm. 
336 |a text  |b txt  |2 rdacontent 
337 |a unmediated  |b n  |2 rdamedia 
338 |a sheet  |b nb  |2 rdacarrier 
500 |a Shipping list number: 2000-0012-P. 
500 |a Shipping List #: 2000-0012-P 
500 |a Shipping List Date: 10/13/1999 
650 0 |a Wilderness areas  |z West Virginia  |z Monongahela National Forest. 
650 0 |a Outdoor recreation  |z West Virginia  |z Monongahela National Forest. 
651 0 |a Monongahela National Forest (W. Va.) 
710 1 |a United States.  |b Forest Service. 
999 |a MARS 
999 f f |s 21b7bd19-1acb-329c-8344-5fd9e40675b0  |i 2197dd79-a98a-3e2f-a7e3-8ad146e441d1  |t 0 
952 f f |p normal  |a Texas A&M University  |b College Station  |c Sterling C. Evans Library  |d Evans: US Documents (Annex 5th floor)  |t 0  |e A 13.13:M 75/17  |h Superintendent of Documents classification  |i unmediated -- sheet  |m A14824274000 
998 f f |a A 13.13:M 75/17  |t 0  |l Evans: US Documents (Annex 5th floor)